000 00561nam a2200217Ia 4500
003 OSt
005 20230413095735.0
008 210423s1998 xx 000 0 und d
020 _a321047729
040 _cAL
041 _aeng
082 _a820.8
_223
_bDAMD
100 _aDAMROSCH (David).
_987552
245 _aLongman anthology of British literature.
260 _aNew Delhi
_bLaw Publications
_c1998
300 _axxxvii,2982
_bHB
365 _b1595
_cINR
440 _v2
906 _aanthology ; British ; literature. ; Longman
942 _2ddc
_cBK
999 _c157346
_d157346